Rules have limited appeal (Record no. 64088)
[ view plain ]
| 000 -LEADER | |
|---|---|
| fixed length control field | 00890cam a2200229 4500 |
| 001 - CONTROL NUMBER | |
| control field | ABS62643 |
| 008 - FIXED-LENGTH DATA ELEMENTS--GENERAL INFORMATION | |
| fixed length control field | 000000n2000 000 0 eng u |
| 035 ## - SYSTEM CONTROL NUMBER | |
| System control number | (Sirsi) u107201 |
| 100 ## - MAIN ENTRY--PERSONAL NAME | |
| Personal name | Tanney, A. |
| 245 ## - TITLE STATEMENT | |
| Title | Rules have limited appeal |
| 260 ## - PUBLICATION, DISTRIBUTION, ETC. | |
| Date of publication, distribution, etc. | 2000 |
| 490 ## - SERIES STATEMENT | |
| Series statement | Property Week |
| Volume/sequential designation | 65(25) 64-65(2) |
| 520 ## - SUMMARY, ETC. | |
| Summary, etc. | A recent ruling in "Tanfern Ltd v Cameron-Macdonald" has helped clarify the new Civil Procedure Rules part 2 concerning appeals. Lord Justice Brooke gave guidance on questions such as to which court an appeal should be made, when permission to appeal would be given and what the approach from appellate court would be in deciding an appeal. |
| 590 ## - LOCAL NOTE (RLIN) | |
| Local note | ABS |
| 650 ## - SUBJECT ADDED ENTRY--TOPICAL TERM | |
| Topical term or geographic name entry element | INTERFERENCE |
| 650 ## - SUBJECT ADDED ENTRY--TOPICAL TERM | |
| Topical term or geographic name entry element | CIVIL PROCEDURE RULES 1998 |
| 650 ## - SUBJECT ADDED ENTRY--TOPICAL TERM | |
| Topical term or geographic name entry element | TANFERN LTD V CAMERON-MACDONALD |
| 650 ## - SUBJECT ADDED ENTRY--TOPICAL TERM | |
| Topical term or geographic name entry element | APPEALS |
| 650 ## - SUBJECT ADDED ENTRY--TOPICAL TERM | |
| Topical term or geographic name entry element | APPEAL PROCEDURE |
| 690 ## - LOCAL SUBJECT ADDED ENTRY--TOPICAL TERM (OCLC, RLIN) | |
| Topical term or geographic name as entry element | LAW |
| 942 ## - ADDED ENTRY ELEMENTS (KOHA) | |
| Suppress in OPAC | 0 |
| Withdrawn status | Lost status | Source of classification or shelving scheme | Damaged status | Not for loan | Home library | Current library | Shelving location | Date acquired | Total Checkouts | Full call number | Barcode | Date last seen | Copy number | Price effective from | Koha item type |
|---|---|---|---|---|---|---|---|---|---|---|---|---|---|---|---|
| Dewey Decimal Classification | London | London | Journal article | 18/07/2000 | ABS62643 | 107201-1001 | 06/08/2019 | 1 | 06/08/2019 | Journal article |